Teórie podporujúce neplatenie daní

Vedecké teórie tolerujúce daňové úniky. Konzekvencie pragmatickej línie. Nevyhnutnosť strážiť si vlastné ekonomické zdravie občana i firmy.

Gespeichert in:
Bibliographische Detailangaben
1. Verfasser: Burák, Emil
Format: Buchkapitel
Sprache:Slowakisch
Schlagworte:
Tags: Tag hinzufügen
Keine Tags, Fügen Sie das erste Tag hinzu!

MARC

LEADER 00000naa$a2200000$$$4500
001 0001863
005 20230927072227.7
041 0 |a slo 
044 |a SK 
245 1 0 |a Teórie podporujúce neplatenie daní  |c aut. Emil Burák 
520 |a Vedecké teórie tolerujúce daňové úniky. Konzekvencie pragmatickej línie. Nevyhnutnosť strážiť si vlastné ekonomické zdravie občana i firmy. 
610 2 0 |a dane 
610 2 0 |a únik daňový 
100 1 |a Burák, Emil